| 000 | 00887nam a2200229Ia 4500 | ||
|---|---|---|---|
| 999 |
_c39570 _d39570 |
||
| 001 | 6169 | ||
| 003 | GE_BSU | ||
| 005 | 20191202114814.0 | ||
| 008 | 181216s1976||||ge |||||||||||||| ||ge || | ||
| 040 | _cGE_BSU | ||
| 041 | _ageo | ||
| 080 | _a821.353.1-31 გ-26 | ||
| 100 |
_aგეგეშიძე, გურამ. _95631 |
||
| 245 |
_aსტუმარი : _bრომანი / _cგურამ გეგეშიძე ; რედ. მ. ჯაფარიძე, მხატვ. გ. წერეთელი. |
||
| 264 |
_aთბილისი : _bმერანი, _c1976. |
||
| 300 |
_a250 გვ. ; _c20 სმ. |
||
| 653 | _aრომანი | ||
| 653 | _aსტუმარი | ||
| 700 |
_aჯაფარიძე, მ. _eრედაქტორი _94185 |
||
| 700 |
_aწერეთელი, გ. _eმხატვარი _93818 |
||
| 942 |
_cBK _2udc |
||